|
|
|
|
| LEADER |
00000nam0a2200000 4500 |
| 001 |
338625 |
| 005 |
20231102005051.0 |
| 035 |
|
|
|a (RuTPU)RU\TPU\book\365127
|
| 090 |
|
|
|a 338625
|
| 100 |
|
|
|a 20171129d1966 km y0rusy50 ca
|
| 101 |
0 |
|
|a ger
|a rus
|
| 102 |
|
|
|a RU
|
| 105 |
|
|
|a y j 001zy
|
| 200 |
1 |
|
|a Сборник текстов на немецком языке. Физика : Пособие по развитию навыков чтения и перевода научной литературы
|e [сборник]
|f Академия наук СССР, Кафедра иностранных языков ; отв. ред. А. А. Высоковский
|
| 210 |
|
|
|a Москва
|c Наука
|d 1966
|
| 215 |
|
|
|a 154 с.
|
| 320 |
|
|
|a Библиогр.: с. 152
|
| 606 |
1 |
|
|a Немецкий язык
|x Для вузов
|x Пособия по стилистике. Переводу
|2 stltpush
|3 (RuTPU)RU\TPU\subj\45400
|9 64642
|
| 610 |
1 |
|
|a тексты
|
| 610 |
1 |
|
|a чтение
|
| 610 |
1 |
|
|a переводы
|
| 610 |
1 |
|
|a научная литература
|
| 610 |
1 |
|
|a упражнения
|
| 610 |
1 |
|
|a физика
|
| 610 |
1 |
|
|a пособия
|
| 686 |
|
|
|a Ш143.24-923.7
|v LBC/SL-A
|2 rubbk
|
| 702 |
|
1 |
|a Высоковский
|b А. А.
|4 340
|
| 712 |
0 |
2 |
|a Академия наук СССР
|b Кафедра иностранных языков
|c (Ленинград/Москва)
|c (1925-1991)
|2 stltpush
|3 (RuTPU)RU\TPU\col\722
|
| 801 |
|
1 |
|a RU
|b 63413507
|c 20171129
|
| 801 |
|
2 |
|a RU
|b 63413507
|c 20200729
|g RCR
|
| 942 |
|
|
|c BK
|